Premier League Players by Picture - Difficulty Medium - Statistics

General Stats
  • This quiz has been taken 214 times
  • The average score is 19 of 25
Answer Stats
Picture Answer % Correct
James Milner
94%
Peter Crouch
94%
Andy Robertson
93%
Ollie Watkins
93%
Sol Campbell
90%
Jonny Evans
87%
Wilfried Zaha
87%
Nicolas Anelka
86%
Park Ji-sung
86%
Andy Carroll
85%
James Ward-Prowse
85%
Edin Dzeko
81%
Jermain Defoe
80%
Clint Dempsey
76%
Jens Lehmann
76%
Tim Cahill
74%
David James
73%
Gareth Barry
73%
Leighton Baines
68%
Emile Heskey
62%
Matt Le Tissier
62%
Jimmy Floyd Hasselbaink
53%
Vinnie Jones
50%
Mark Schwarzer
45%
Gary Speed
37%
No matching quizzes found
Score Distribution
Percent of People with Each Score
Percentile by Number Answered
Your Score History
You have not taken this quiz